| 000 | 00819nam a22002177a 4500 | ||
|---|---|---|---|
| 999 |
_c13407 _d13407 |
||
| 008 | 190311b ||||| |||| 00| 0 eng d | ||
| 020 | _a9781940446066 | ||
| 082 |
_22015 _aAV-CD 610.7349 _bD460 |
||
| 100 |
_aStanely, Sharon. _937489 |
||
| 245 |
_aDesigning and Integrating a Disaster Preparedness Curriculum / _cSharon Stanely and Thola A. Bennecoff Wolanski. |
||
| 260 |
_aCanada: _bSigma Theta Tau International, _c©2015. |
||
| 300 | _a409 pages; | ||
| 500 | _aIncludes index. | ||
| 650 |
_aDisaster medicine. _937490 |
||
| 650 |
_aDisaster nursing. _937491 |
||
| 650 |
_aEmergency nursing. _937492 |
||
| 700 |
_aStanely, Sharon. _937489 |
||
| 700 |
_aBennecoff Wolanski, Thola A. _937493 |
||
| 856 | _yhttps://ebookcentral.proquest.com/lib/uniofmindanao-ebooks/detail.action?docID=3440209 | ||
| 942 |
_2ddc _cEB |
||